00862nam a2200217Ia 4500003000400000005001700004008004100021020001500062040002100077041000800098082002500106100004900131245012000180260003400300300002900334500007200363504003300435505011200468650003100580650003300611OSt20210827143015.0210310s1986 sp fr 001 0 spa d a8429013067 aCO-JMCRcCO-JMCR0 aspa04a347.965 /bR696a2231 aRodríguez- Arias Bustamante, Lino, eautor10aAbogacía y derecho : b(derecho comunitario, cambio social, y revolución) / cLino Rodríguez-Arias Bustamante aMadrid : bReus, S.A., c1986 a194 páginas ; c24 cm. aIncluye notas a pie de página e índice alfabético de nombres. aBibliografía: página 1880 aHacia una nueva facultad de derecho -- La abogacía -- Derecho comunitario -- Cambio social y revolución14aEjercicio de la abogacía24aJurisprudencia sociológica